000 00296nam a22001337a 4500
008 180824b xxu||||| |||| 00| 0 eng d
020 _a9780781790697
041 _aeng
080 _211 ED
_a618
100 _a10
101 _aGJI
245 _aMEDICAL EMBRYOLOGY
_cSADLER.T.W
942 _2udc
_cBK
999 _c47308
_d47308